000 00803nam a2200241 a 4500
001 000019975
005 20200929170220.0
008 100709s1961 sp 001 f spa d
040 _aDO-SdBNP
_bspa
_cBNPHU
082 _a863.6
_bM931f
100 1 _aMoure-Mariño, Luis,
_d1915-
_942582
245 1 0 _aFantasías reales :
_balmas de un protocolo /
_cLuis Moure-Mariño.
260 _aMadrid :
_bEspasa-Calpe,
_c1961.
300 _a213, [16] p. ;
_c18 cm.
490 1 _aAustral. Azul: novelas y cuentos en general
_v1306
500 _aIncluye índice de autores
504 _aIncluye notas al pie de las páginas.
650 4 _aNovela española
_91123
650 4 _aLiteratura española
_9632
830 0 _aAustral.
_pAzul: Novelas y cuentos en general.
_v1306
_922386
910 _aWM
049 _aBNGR
999 _c19488
_d19488